[Event "Wch U12 Girls"]
[Site "Batumi"]
[Date "2022.09.24"]
[Round "8"]
[White "Negre, Emilie"]
[Black "Zhumagali, Raian"]
[Result "1-0"]
[WhiteElo "1722"]
[BlackElo "1278"]
[PlyCount "101"]
[EventDate "2022.09.16"]
[EventType "swiss"]
[EventRounds "11"]
[EventCountry "GEO"]
[SourceTitle "EXT 2023"]
[Source "ChessBase"]
[SourceDate "2022.10.05"]
[SourceVersion "1"]
[SourceVersionDate "2022.10.05"]
[SourceQuality "1"]

1. c4 Nf6 2. Nf3 g6 3. Nc3 Bg7 4. e4 d6 5. d4 0-0 6. Be2 e5 7. 0-0 Nc6 8. d5 Ne7 9. Ne1 Nd7 10. f3 f5 11. g4 h6 12. h4 Kh7 13. Be3 Nf6 14. Rf2 fxe4 15. fxe4 Nfg8 16. g5 Bd7 17. Nd3 Be8 18. Qf1 Rxf2 19. Qxf2 h5 20. Rf1 Nc8 21. b3 Nge7 22. c5 Kg8 23. b4 b6 24. cxb6 axb6 25. b5 Ra3 26. Qe1 Ra8 27. a4 Ra5 28. Nb4 Ra7 29. Na6 Rb7 30. Qd2 Na7 31. Rc1 Qc8 32. Kh2 Bd7 33. Nd1 Bg4 34. Nf2 Bxe2 35. Qxe2 Kf8 36. Rc3 Ke8 37. Qc2 Kd8 38. Bxb6 cxb6 39. Rxc8+ Nexc8 40. Nd3 Ke8 41. Ndb4 Bf8 42. Nc6 Be7 43. Qf2 Rd7 44. Nxa7 Rxa7 45. a5 bxa5 46. Qxa7 Nxa7 47. b6 Nc6 48. dxc6 d5 49. b7 Bd6 50. c7 Bxc7 51. Nxc7+ 1-0

[Event "Wch U12 Girls"]
[Site "Batumi"]
[Date "2022.09.20"]
[Round "5"]
[White "Zhumagali, Raian"]
[Black "Abramkina, Veranika"]
[Result "0-1"]
[WhiteElo "1278"]
[BlackElo "1445"]
[PlyCount "148"]
[EventDate "2022.09.16"]
[EventType "swiss"]
[EventRounds "11"]
[EventCountry "GEO"]
[SourceTitle "EXT 2023"]
[Source "ChessBase"]
[SourceDate "2022.10.05"]
[SourceVersion "1"]
[SourceVersionDate "2022.10.05"]
[SourceQuality "1"]

1. e4 Nf6 2. e5 Nd5 3. d4 d6 4. Nf3 g6 5. c4 Nb6 6. Nc3 Bg7 7. exd6 cxd6 8. Be2 0-0 9. 0-0 Nc6 10. Be3 Bg4 11. b3 d5 12. c5 Nc8 13. a3 e6 14. b4 a6 15. h3 Bxf3 16. Bxf3 N8e7 17. Ne2 Nf5 18. Bg4 Nxe3 19. fxe3 h5 20. Bf3 Bh6 21. Qd3 Qg5 22. Nf4 Rad8 23. Qc3 e5 24. dxe5 d4 25. Qb2 Qxe5 26. Bxc6 Qxe3+ 27. Qf2 bxc6 28. Qxe3 dxe3 29. g3 Rfe8 30. Ne2 Rd2 31. Rfe1 Red8 32. Kf1 R8d5 33. Nf4 Rf5 34. Kg1 h4 35. Ng2 Rf3 36. Red1 Rxg3 37. Rxd2 exd2 38. Kh2 Rc3 39. Rd1 Rc1 40. Rxd2 Bxd2 41. Nxh4 Rc3 42. Kg2 Rxa3 43. Nf3 Rb3 44. Nd4 Rxb4 45. Nxc6 Rc4 46. Ne7+ Kf8 47. Nd5 Rxc5 48. Nb6 Ke7 49. Kf2 a5 50. Ke2 Bb4 51. Kd1 Rb5 52. Na4 f5 53. Nb2 f4 54. Ke2 Bd6 55. Nc4 a4 56. Kf3 a3 57. Nxa3 Bxa3 58. Kxf4 Kf6 59. Kg4 Rb4+ 60. Kf3 Rd4 61. Kg3 Re4 62. Kf3 Kf5 63. Kg3 Re3+ 64. Kg2 Kf4 65. h4 Kg4 66. Kf2 Bc5 67. Kg2 Re2+ 68. Kf1 Ra2 69. Ke1 Kf3 70. Kd1 Ke3 71. Kc1 Kd3 72. Kb1 Rg2 73. h5 gxh5 74. Ka1 Kc3 0-1

[Event "Wch U08 Girls"]
[Site "Santiago de Compostela"]
[Date "2018.11.15"]
[Round "11"]
[White "Mgeladze, Kesaria"]
[Black "Zhumagali, Raian"]
[Result "1-0"]
[WhiteElo "1211"]
[BlackElo "1212"]
[PlyCount "165"]
[EventDate "2018.11.04"]
[EventType "swiss"]
[EventRounds "11"]
[EventCountry "ESP"]
[SourceTitle "EXT 2022"]
[Source "ChessBase"]
[SourceDate "2021.10.06"]
[SourceVersion "1"]
[SourceVersionDate "2021.10.06"]
[SourceQuality "1"]

1. e4 c5 2. c3 e6 3. d4 cxd4 4. cxd4 d5 5. exd5 exd5 6. Nc3 Nf6 7. Nf3 Nc6 8. Bg5 Be7 9. Be2 h6 10. Bxf6 Bxf6 11. 0-0 0-0 12. Rc1 Bf5 13. Qd2 a6 14. Rfd1 Re8 15. h3 Qd6 16. Bd3 Bxd3 17. Qxd3 Rac8 18. Na4 Nb8 19. Qf5 Qd7 20. Qxd7 Nxd7 21. Nc5 Nxc5 22. Rxc5 Rxc5 23. dxc5 d4 24. Rd2 Rd8 25. Kf1 Rd5 26. b4 a5 27. a3 d3 28. Ne1 Bc3 29. Rxd3 Rxd3 30. Nxd3 Kf8 31. Ke2 Ke7 32. Kd1 axb4 33. axb4 Kd7 34. Kc2 Bd4 35. Kb3 Bf6 36. Kc4 Bd8 37. b5 f6 38. Kd5 Bc7 39. c6+ bxc6+ 40. bxc6+ Ke7 41. Nc5 Bb6 42. Ne6 g6 43. Nc5 h5 44. Ne6 Bxf2 45. Nf4 g5 46. Nxh5 Bb6 47. Ng3 Bc7 48. Nf5+ Kf7 49. Nd6+ Ke7 50. Nb5 Be5 51. c7 Kd7 52. c8Q+ Kxc8 53. Ke6 Kb7 54. Nd6+ Kc6 55. Ne4 Kb5 56. Nxf6 Bf4 57. Ne4 Kc4 58. Kf5 Kd4 59. Nxg5 Bg3 60. Nf3+ Ke3 61. h4 Kf2 62. h5 Kxg2 63. h6 Kxf3 64. h7 Be1 65. h8Q Kg3 66. Qe5+ Kf2 67. Kg4 Bd2 68. Qe4 Bh6 69. Qf3+ Ke1 70. Qh1+ Kd2 71. Qxh6+ Kd3 72. Qf4 Kc3 73. Qe4 Kb3 74. Qd4 Ka3 75. Qc4 Kb2 76. Qd3 Ka2 77. Qc3 Kb1 78. Qd2 Ka1 79. Kf3 Kb1 80. Ke3 Ka1 81. Kd3 Kb1 82. Kc3 Ka1 83. Qb2# 1-0

[Event "Wch U08 Girls"]
[Site "Santiago de Compostela"]
[Date "2018.11.11"]
[Round "7"]
[White "Zhumagali, Raian"]
[Black "Smietanska, Wiktoria"]
[Result "0-1"]
[WhiteElo "1212"]
[BlackElo "1506"]
[PlyCount "180"]
[EventDate "2018.11.04"]
[EventType "swiss"]
[EventRounds "11"]
[EventCountry "ESP"]
[SourceTitle "EXT 2022"]
[Source "ChessBase"]
[SourceDate "2021.10.06"]
[SourceVersion "1"]
[SourceVersionDate "2021.10.06"]
[SourceQuality "1"]

1. e4 c6 2. Nc3 d5 3. d4 dxe4 4. Nxe4 Bf5 5. Ng3 Bg6 6. Nf3 Nd7 7. c3 Ngf6 8. Bd3 Bxd3 9. Qxd3 e6 10. 0-0 Bd6 11. Ne4 Nxe4 12. Qxe4 Nf6 13. Qd3 0-0 14. Bg5 Rc8 15. Rad1 h6 16. Bxf6 Qxf6 17. Rfe1 Rfd8 18. Qc2 c5 19. dxc5 Bxc5 20. Qb3 b6 21. Rxd8+ Rxd8 22. Rd1 Kf8 23. Qc2 Kg8 24. Rd2 Rxd2 25. Qxd2 Qe7 26. Ne5 Qc7 27. Nf3 Bd6 28. h3 Bf4 29. Qd1 Kf8 30. Kf1 Ke7 31. Qd4 f6 32. g3 Bd6 33. Qg4 Kf7 34. Nh4 Qc5 35. Qg6+ Kf8 36. Qe4 Kf7 37. Qb7+ Qc7 38. Qxc7+ Bxc7 39. Ke2 Ke7 40. Kd3 Kd6 41. Kc4 a6 42. a4 Kc6 43. Nf3 b5+ 44. axb5+ axb5+ 45. Kd3 Bb6 46. Nd4+ Bxd4 47. Kxd4 e5+ 48. Ke4 g6 49. f4 exf4 50. gxf4 Kd6 51. b3 f5+ 52. Kf3 g5 53. Kg3 Kd5 54. h4 g4 55. Kf2 Ke4 56. Kg3 Kd3 57. c4 bxc4 58. bxc4 Kxc4 59. Kf2 Kd3 60. h5 Ke4 61. Kg3 Ke3 62. Kh4 g3 63. Kxg3 Ke4 64. Kh3 Kxf4 65. Kh4 Ke3 66. Kg3 f4+ 67. Kg4 f3 68. Kf5 f2 69. Kg6 f1Q 70. Kxh6 Qf8+ 71. Kg6 Qg8+ 72. Kh6 Qh8+ 73. Kg6 Kf4 74. h6 Ke5 75. h7 Ke6 76. Kh6 Kf7 77. Kg5 Qxh7 78. Kf4 Qh5 79. Ke4 Ke6 80. Kd4 Qe5+ 81. Kc4 Qd5+ 82. Kb4 Kd6 83. Ka4 Kc6 84. Kb4 Qc5+ 85. Kb3 Kb5 86. Kb2 Qe3 87. Kc2 Kb4 88. Kb2 Qf2+ 89. Kc1 Kc3 90. Kd1 Qd2# 0-1

[Event "Wch U08 Girls"]
[Site "Santiago de Compostela"]
[Date "2018.11.10"]
[Round "6"]
[White "Sickmann, Lisa"]
[Black "Zhumagali, Raian"]
[Result "0-1"]
[WhiteElo "1468"]
[BlackElo "1212"]
[PlyCount "94"]
[EventDate "2018.11.04"]
[EventType "swiss"]
[EventRounds "11"]
[EventCountry "ESP"]
[SourceTitle "EXT 2022"]
[Source "ChessBase"]
[SourceDate "2021.10.06"]
[SourceVersion "1"]
[SourceVersionDate "2021.10.06"]
[SourceQuality "1"]

1. e4 c5 2. Nf3 d6 3. d4 cxd4 4. Nxd4 Nf6 5. Nc3 a6 6. f3 e6 7. Be3 b5 8. Qd2 Nbd7 9. 0-0-0 Bb7 10. Kb1 h5 11. Rg1 Rc8 12. Nb3 d5 13. exd5 Nxd5 14. Nxd5 Bxd5 15. Re1 Nc5 16. Nxc5 Bxc5 17. Bxc5 Rxc5 18. Bd3 Bc4 19. Qe3 Qc7 20. Be4 b4 21. Qd4 0-0 22. b3 Bd5 23. Qxb4 Bxe4 24. Qxe4 Qxh2 25. Qe2 Rfc8 26. c4 Qb8 27. Qb2 a5 28. g4 h4 29. Rh1 Qg3 30. Qe2 g5 31. Reg1 Qb8 32. Qb2 Qb7 33. Qc3 a4 34. Re1 Rxc4 35. Qe5 R4c5 36. Qe4 Qxe4+ 37. Rxe4 axb3 38. axb3 Rc3 39. Kb2 Rxf3 40. Re5 f6 41. Rxe6 Kf7 42. Re2 Rcc3 43. Rc2 Rxb3+ 44. Kc1 Rbc3 45. Rxc3 Rxc3+ 46. Kd2 Rg3 47. Ke2 Rxg4 0-1